Research methods in the social sciences / (Record no. 10204)
[ view plain ]
| 000 -LEADER | |
|---|---|
| fixed length control field | 02274cam a2200445 a 4500 |
| 090 ## - LOCALLY ASSIGNED LC-TYPE CALL NUMBER (OCLC); LOCAL CALL NUMBER (OCLC) | |
| -- | 10204 |
| 001 - CONTROL NUMBER | |
| control field | 13567802 |
| 005 - DATE AND TIME OF LATEST TRANSACTION | |
| control field | 20060815203401.0 |
| 008 - FIXED-LENGTH DATA ELEMENTS--GENERAL INFORMATION | |
| fixed length control field | 040422s2005 enka f b 001 0 eng d |
| 010 ## - LIBRARY OF CONGRESS CONTROL NUMBER | |
| LC control number | 2004106249 |
| 015 ## - NATIONAL BIBLIOGRAPHY NUMBER | |
| National bibliography number | GBA465525 |
| Source | bnb |
| 016 7# - NATIONAL BIBLIOGRAPHIC AGENCY CONTROL NUMBER | |
| Record control number | 012986654 |
| Source | Uk |
| 020 ## - INTERNATIONAL STANDARD BOOK NUMBER | |
| International Standard Book Number | 076194401X (hbk.) |
| 020 ## - INTERNATIONAL STANDARD BOOK NUMBER | |
| International Standard Book Number | 0761944028 (pbk.) |
| 035 ## - SYSTEM CONTROL NUMBER | |
| System control number | (OCoLC)ocm56654330 |
| 040 ## - CATALOGING SOURCE | |
| Original cataloging agency | UKM |
| Transcribing agency | UKM |
| Modifying agency | CUY |
| -- | C#P |
| -- | DLC |
| 042 ## - AUTHENTICATION CODE | |
| Authentication code | lccopycat |
| 050 00 - LIBRARY OF CONGRESS CALL NUMBER | |
| Classification number | H62 |
| Item number | .R454 2005 |
| 082 04 - DEWEY DECIMAL CLASSIFICATION NUMBER | |
| Classification number | 300.72 |
| Edition number | 22 |
| 245 00 - TITLE STATEMENT | |
| Title | Research methods in the social sciences / |
| Statement of responsibility, etc | editors, Bridget Somekh and Cathy Lewin. |
| 260 ## - PUBLICATION, DISTRIBUTION, ETC. (IMPRINT) | |
| Place of publication, distribution, etc | London ; |
| -- | Thousand Oaks, Calif. : |
| Name of publisher, distributor, etc | SAGE Publications, |
| Date of publication, distribution, etc | 2005. |
| 300 ## - PHYSICAL DESCRIPTION | |
| Extent | xiv, 368 p. : |
| Other physical details | ill. ; |
| Dimensions | 26 cm. |
| 504 ## - BIBLIOGRAPHY, ETC. NOTE | |
| Bibliography, etc | Includes bibliographical references and index. |
| 650 #0 - SUBJECT ADDED ENTRY--TOPICAL TERM | |
| Topical term or geographic name as entry element | Social sciences |
| General subdivision | Research. |
| 650 #0 - SUBJECT ADDED ENTRY--TOPICAL TERM | |
| Topical term or geographic name as entry element | Social sciences |
| General subdivision | Methodology. |
| 700 1# - ADDED ENTRY--PERSONAL NAME | |
| Personal name | Somekh, Bridget. |
| 700 1# - ADDED ENTRY--PERSONAL NAME | |
| Personal name | Lewin, Cathy. |
| 856 42 - ELECTRONIC LOCATION AND ACCESS | |
| Materials specified | Publisher description |
| Uniform Resource Identifier | <a href="http://www.loc.gov/catdir/enhancements/fy0657/2004106249-d.html">http://www.loc.gov/catdir/enhancements/fy0657/2004106249-d.html</a> |
| 856 41 - ELECTRONIC LOCATION AND ACCESS | |
| Materials specified | Table of contents only |
| Uniform Resource Identifier | <a href="http://www.loc.gov/catdir/enhancements/fy0657/2004106249-t.html">http://www.loc.gov/catdir/enhancements/fy0657/2004106249-t.html</a> |
| 906 ## - LOCAL DATA ELEMENT F, LDF (RLIN) | |
| a | 7 |
| b | cbc |
| c | copycat |
| d | 2 |
| e | epcn |
| f | 20 |
| g | y-gencatlg |
| 942 ## - ADDED ENTRY ELEMENTS (KOHA) | |
| Source of classification or shelving scheme | Dewey Decimal Classification |
| Item type | NB - Book (Non borrowing) |
| Withdrawn status | Item status | Source of classification or shelving scheme | Damaged status | Not for loan | Home library | Current library | Shelving location | Date acquired | Source of acquisition | Total Checkouts | Full call number | Barcode | Date last seen | Koha item type | Public note | Total Renewals | Date last borrowed | Checked out |
|---|---|---|---|---|---|---|---|---|---|---|---|---|---|---|---|---|---|---|
| Dewey Decimal Classification | Central Library | Central Library | First floor | 07/10/2008 | Purchase | 300.72RES | 000013947 | 15/07/2025 | NB - Book (Non borrowing) | 000013947 | ||||||||
| Dewey Decimal Classification | Central Library | Central Library | First floor | 08/10/2008 | Purchase | 6 | 300.72RES | 000013949 | 15/07/2025 | Book - Borrowing | 2 | 25/11/2015 | ||||||
| Dewey Decimal Classification | Central Library | Central Library | First floor | 08/10/2008 | Purchase | 6 | 300.72RES | 000013979 | 24/05/2009 | Book - Borrowing | 13 | 24/05/2009 | 18/12/2021 | |||||
| Dewey Decimal Classification | Central Library | Central Library | First floor | 08/10/2008 | Purchase | 8 | 300.72RES | 000013980 | 17/04/2012 | Book - Borrowing | 12 | 17/04/2012 | 03/04/2016 | |||||
| Dewey Decimal Classification | Central Library | Central Library | First floor | 08/10/2008 | Purchase | 9 | 300.72RES | 000013981 | 15/07/2025 | Book - Borrowing | 24 | 21/10/2019 | ||||||
| Dewey Decimal Classification | Central Library | Central Library | First floor | 08/10/2008 | Purchase | 4 | 300.72RES | 000013982 | 15/07/2025 | Book - Borrowing | 1 | 25/11/2015 |